2018 Red Sox Starting Lineup - Statistics

General Stats
  • This quiz has been taken 80 times
  • The average score is 8 of 10
Answer Stats
Lineup Player % Correct
RF Mookie Betts
98%
CF Jackie Bradley Jr.
94%
Ace (P) Chris Sale
92%
3B Rafael Devers
85%
SS Xander Bogaerts
84%
DH J.D. Martinez
69%
LF Andrew Benintendi
66%
1B Mitch Moreland
58%
C Sandy Leon
58%
2B Eduardo Núñez
47%
No matching quizzes found
Score Distribution
Percent of People with Each Score
Percentile by Number Answered
Your Score History
You have not taken this quiz